1175 1636 1463 1220 1581 1840 1445 1608 1345 1999 1061 1496 1531 1694 1495 1481 1025 1656 1979 1393 1217 1797 1324 1960 1466 1234 1044 1352 1042 1964 1312 1207 1560 1826 1740 1098 1450 1620 1301 1443 1538 1295 1407 1156 1694 1988 1563 1344 1058 1662 1388 1756 1656 1613 1956 1724 1733 1074 1667 1590 1349 1367 1772 1034 1882 1629 1455 1108 1761 1067 1777 1208 1810 1649 1512 1838 1817 1773 1917 1419 1503 1067 1433 1069 1897 1910 1928 1182 1400 1215 1070 1775 1257 1475 1354 1973 1943 1816 1216 BCNSPRNW ULIB Ver.6.0+V

เปลี่ยนเป็นภาษาไทย

Change to English
 แสดงรายละเอียดบรรณานุกรม
  กลับหน้าหลัก

Brief Record : Get Marc (ISO 2709) : E-mail record : QR code < ปิดหน้าต่าง
LEADER : 00000nam 2200000uu 4500
001    13399107665
003     ULIB
008    110114s2551th 000 0 tha d
020    9789740322566
060 04 QS4^bส191ก 2551
100 0  สนธยา ลีละมาด
245 10 การฝึกด้วยน้ำหนัก :^bการประยุกต์กายวิภาคศาสตร์และสรีรวิทยาสู่เทคนิคการปฏิบัติ/^cสนธยา ลีละมาด, ดุจเดือน ลีละมาด
250    พิมพ์ครั้งที่ 2
260    กรุงเทพฯ :^bสำนักพิมพ์แห่งจุฬาลงกรณ์มหาวิทยาลัย,^c2551
300    460, [4] หน้า :^bภาพประกอบ ;^c21 ซม.
650  7 การฝึกกำลังกล้ามเนื้อ
650  7 การยกน้ำหนัก
650  7 การออกกำลังกาย
700 0  ดุจเดือน ลีละมาด
945    ^p340^l0^i025063
945    ^p340^l0^i025064
995    เกษร
999 ^a ใช้งานได้ทุกระบบ
รายการนี้ยังไม่มีแท็ก
คุณยังไม่ได้ล็อกอิน คุณสามารถมีกิจกรรมร่วมกับเว็บไซต์ได้ แต่ต้องล็อกอินก่อน ::
  ล็อกอิน

รายการสื่อสารสนเทศ

ลำดับที่ ประเภท เลขเรียก/บาร์โค้ด สถานที่ สถานะ
- ไม่พบข้อมูล -

รายการใกล้เคียง
    ผู้แต่ง [สนธยา ลีละมาด]

    หัวเรื่อง [การฝึกกำลังกล้ามเนื้อ]
    หัวเรื่อง [การยกน้ำหนัก]
    หัวเรื่อง [การออกกำลังกาย]

BibComment


ยังไม่เคยถูกคอมเมนท์

คอมเมนท์ทรัพยากรรายการนี้
  คอมเมนท์: การฝึกด้วยน้ำหนัก..


 Copyright 2026. Bcnsprnw @Library